Giáo trình lí thuyết và bài tập Visual J++6
Hướng dẫn cách sử dụng ngôn ngữ Java. Trình ứng dụng Java trên web và trình ứng dụng Java độc lập. Đồng thời quyển sách còn đề cập đến cách dùng môi trường tích hợp Microsoft's Visual J++ để tạo ra các chương trình dùng ngôn ngữ Java c...
Đã lưu trong:
| Príomhúdar: | |
|---|---|
| Formáid: | Leabhar |
| Teanga: | Undetermined |
| Foilsithe: |
Hà Nội
Giáo Dục
2000
|
| Ábhair: | |
| Clibeanna: |
Cuir Clib Leis
Gan Chlibeanna, Bí ar an gcéad duine leis an taifead seo a chlibeáil!
|
| Thư viện lưu trữ: | Trung tâm Học liệu Trường Đại học Cần Thơ |
|---|
| LEADER | 01147nam a2200217Ia 4500 | ||
|---|---|---|---|
| 001 | CTU_36489 | ||
| 008 | 210402s9999 xx 000 0 und d | ||
| 020 | |b 68.000đ | ||
| 020 | |c 68000 | ||
| 082 | |a 005.133 | ||
| 082 | |b Ch125 | ||
| 100 | |a Tạ, Minh Châu | ||
| 245 | 0 | |a Giáo trình lí thuyết và bài tập Visual J++6 | |
| 245 | 0 | |c Tạ Minh Châu, Hoàng Đức Hải, Trần Quang Thân | |
| 260 | |a Hà Nội | ||
| 260 | |b Giáo Dục | ||
| 260 | |c 2000 | ||
| 520 | |a Hướng dẫn cách sử dụng ngôn ngữ Java. Trình ứng dụng Java trên web và trình ứng dụng Java độc lập. Đồng thời quyển sách còn đề cập đến cách dùng môi trường tích hợp Microsoft's Visual J++ để tạo ra các chương trình dùng ngôn ngữ Java cũng như mở rộng các chương trình Java bằng cách dùng Microsoft Component Object Model (COM) có chứa ActiveX. | ||
| 650 | |a Java ( computer program language ) | ||
| 904 | |i Minh, 000505 | ||
| 980 | |a Trung tâm Học liệu Trường Đại học Cần Thơ | ||